CONCISE MEDICAL PHYSIOLOGY (Record no. 7491)

MARC details
000 -LEADER
fixed length control field 00466nam a22001817a 4500
005 - DATE AND TIME OF LATEST TRANSACTION
control field 20230119105029.0
008 - FIXED-LENGTH DATA ELEMENTS--GENERAL INFORMATION
fixed length control field 210301b ||||| |||| 00| 0 eng d
020 ## - INTERNATIONAL STANDARD BOOK NUMBER
ISBN 9788573818677
041 ## - LANGUAGE CODE
Language code of text/sound track or separate title eng
082 ## - DEWEY DECIMAL CLASSIFICATION NUMBER
Classification number 612 CHA-C
100 ## - MAIN ENTRY--AUTHOR NAME
Personal name CHAUDHARY ,SUJIT K
245 ## - TITLE STATEMENT
Title CONCISE MEDICAL PHYSIOLOGY
250 ## - EDITION STATEMENT
Edition statement 7'TH
260 ## - PUBLICATION, DISTRIBUTION, ETC. (IMPRINT)
Place of publication NEW DELHI
Name of publisher NEW CENTRAL BOOK AGENCY
Year of publication 2018
300 ## - PHYSICAL DESCRIPTION
Number of Pages 664
650 ## - SUBJECT ADDED ENTRY--TOPICAL TERM
Topical Term PHARMACY
General subdivision B.PHARMA & D.PHARMA
942 ## - ADDED ENTRY ELEMENTS (KOHA)
Koha item type Books
Holdings
Lost status Damaged status Collection code Home library Current library Shelving location Date acquired Source of acquisition Cost, normal purchase price Full call number Accession Number Koha item type
    Reference JRU Library JRU Library SHELF-4-E 01/03/2021 PARCHES UNNATI PUBLICATION 1908/17-02-21 935.00 612 CHA-C 25690 Books
    PHARMACY JRU Library JRU Library SHELF-28-B 01/03/2021 PARCHES UNNATI PUBLICATION 1908/17-02-21 935.00 612 CHA-C 25691 Books
    PHARMACY JRU Library JRU Library SHELF-28-C 01/03/2021 PARCHES UNNATI PUBLICATION 1908/17-02-21 935.00 612 CHA-C 25692 Books
    PHARMACY JRU Library JRU Library SHELF-28-C 01/03/2021 PARCHES UNNATI PUBLICATION 1908/17-02-21 935.00 612 CHA-C 25693 Books
    PHARMACY JRU Library JRU Library SHELF-28-C 01/03/2021 PARCHES UNNATI PUBLICATION 1908/17-02-21 935.00 612 CHA-C 25694 Books
    PHARMACY JRU Library JRU Library SHELF-105-D 21/02/2022 PURCHASE 835.00 612 CHA-C 26584 Books
    PHARMACY JRU Library JRU Library SHELF-105-D 21/02/2022 PURCHASE 835.00 612 CHA-C 26585 Books
    PHARMACY JRU Library JRU Library SHELF-28-B 21/02/2022 PURCHASE 835.00 612 CHA-C 26586 Books